000 00892nam a22002777a 4500
003 CHAP
005 20220329141657.0
008 971013s1954 r 00010 d
010 _a72055
011 _a73027
035 _a82584
040 _cCHAP
082 _a917.24
_bA3
100 0 0 _aAguilera Palomino, J. J.
_92922
245 _aGeografía del estado de Aguascalientes; el mayor de los estados pequeños de nuestra patria
260 _aMéxico, D.F. :
_bEl Nacional,
_c1954
300 _a126 p.
_b: ilus.
590 _aBATCH-UPD
_b10
_c20130110
_lUCH01
_h0440
590 _aBATCH-UPD
_b10
_c20130110
_lUCH01
_h2152
590 _aBATCH-UPD
_b10
_c20130410
_lUCH01
_h0116
590 _aCONVERSION
_b10
_c20130109
_lUCH01
_h1339
650 1 4 _aAguascalientes
_xGeografia.
_92601
901 _aBK
942 _cLIBRO
949 _a917.24 A3
_bBC
_cLIBRO
_d33724000128476
_eLIBRO
_h28009
_i82584
_mD.
_si
999 _c72055
_d72055